| 000 | 00667nam a2200229 i 4500 | ||
|---|---|---|---|
| 001 | 77971 | ||
| 003 | ES-MaACL | ||
| 005 | 20230906173502.0 | ||
| 007 | t| | ||
| 008 | 041116s1998 sp ||||1| spa d | ||
| 020 | _a84-339-0866-9 | ||
| 080 | _a821.111(73)-31"19" | ||
| 100 | 1 |
_aHarrison, Kathryn. _961938 |
|
| 245 | 1 | 3 |
_aEl beso / _cKathryn Harrison ; traducción de Susana Camps. |
| 260 |
_aBarcelona : _bAnagrama, _c[1998] |
||
| 300 |
_a191 p. ; _c22 cm. |
||
| 490 | 1 |
_aPanorama de narrativas ; _v396 |
|
| 700 | 1 |
_aCamps, Susana. _934319 |
|
| 830 | 0 | 0 |
_aPanorama de narrativas _v396 _9123642 |
| 852 |
_aES-MaACL _jL-28451 _bR.134557 |
||
| 999 |
_c77971 _d77971 |
||